000 00699nam a2200181 i 4500
001 34226
003 ES-MaACL
005 20250928102040.0
007 t|
008 030204s1939 ve ||||1| spa d
100 1 _aBlanco Fombona, Rufino,
_d1874-1944
_929251
245 1 0 _aDiscurso de recepción del señor D. Rufino Blanco Fombona como individuo de número de la Academia Nacional de la Historia el 27 de setiembre de 1939
_b: la inteligencia en Bolívar /
_cRufino Blanco Fombona.
260 _aCaracas :
_b[s.n.,
_c1939] (
_fTip. Americana)
300 _a42 p. ;
_c24 cm.
600 1 4 _aBolívar, Simón,
_d1783-1830
_929964
852 _aES-MaACL
_j1819-F-24
_bR.18004
999 _c34226
_d34226